00522 2200181 4500001002100000005001700021035002400038084002000062090002000082100002500102245009300127260003500220300002100255650002200276850001200298990001000310990002000320YOGYA00000000004499020161124133347.0 0010-081400000044708 aDEP 297.2 Ami B aDEP 297.2 Ami B aAmir, Ustadz Dja'far aBidang studi aqidah dan akhlak untuk madrasah ibtidaiyah jilid IIIcAmir, Ustadz Dja'far aYogyakartabKota Kembangc1978 a39 hlm ,c23 cm. aAqidah dan akhlak aYOPDYOG a782-d aCB-D.11/1978-36